Statistics for Ariana Grande Studio Albums

Click here to take the quiz!

General Stats

  • This quiz has been taken 50 times
  • The average score is 5 of 5

Answer Stats

Answer% Correct
Dangerous Woman
100%
Sweetener
100%
Thank U, Next
100%
My Everything
98%
Yours Truly
96%

Score Distribution

Percentile by Number Answered

Percent of People with Each Score

Your Score History

You have not taken this quiz